000 00768nam a22002057a 4500
999 _c4467
_d4467
003 AR-CdUCM
008 190308b ||||| |||| 00| 0 spa d
040 _aMUNICIPALIDAD PROVINCIAL DEL CUSCO
_cBIBLIOTECA MUNICIPAL DEL CUSCO
082 _a869.44 /
_bL97
100 _aLuksic, Luis.
_914038
245 _aCantos de la ciudad y el mundo :
_bpoemas 1932-1947 /
260 _aLa Paz :
_c1948.
300 _a134 páginas ;
_bilustraciones,
_c22 cm.
500 _aDonación de la familia Nieto Lleva un vocabulario de americanismos y de palabras quechuas y aimaras empleadas en el texto. Portada e ilustraciones de Manuel Fuentes Lira
650 _aPoesía Boliviana
_92577
650 _aBolivia
_91138
650 _aSiglo XX
_98
942 _2ddc
_cLIBROS
945 _araen